000 01312nam a2200373Ia 4500
001 Z_6771
003 CHAP
005 20230515131433.0
008 220113s2015 xx 000 0 und d
010 _a170049
040 _cCHAP
090 _aTesis A53 2445
100 _aAndrade Landa, Baruch Alexis
_9130444
245 _aEfecto del ejercicio físico en la oxidación lipídica del muslo de pollos de engorda /
_cBaruch Alexis Andrade Landa
260 _aMéxico :
_bEl autor,
_c2015
300 _a36 p
502 _aTesis (Ingeniero Agrónomo Especialista en Zootecnia) -- UACh, 2015 \ Dirección: Arturo Pro Martínez; asesoría: Eliseo Sosa Montes y Artemio Jovanny Vargas Galicia
650 _aActividad antioxidante
_9145888
650 _aAvicultura
_98703
650 _aDistancia
_9145889
650 _aEjercicio
_9145890
650 _aMuslo
_9145891
650 _aOxidación lipídica
_9145657
650 _aPollos de engorda
_9145149
700 _a Sosa Montes, Eliseo, asesor
_9143277
700 _a Vargas Galicia, Artemio Jovanny, asesor
_9145892
700 _aPro Martínez, Arturo, director
_9137538
856 4 2 _uhttp://10.13.5.2/tesis/sist112255.pdf
_yDescargar PDF
901 _aTESIS A53 2445
902 _aA
910 _a2015
942 _c2
_2ddc
942 _c2
_2ddc
999 _c170049
_d170049